000 00878nam a2200253Ia 4500
003 OSt
005 20220923225215.0
006 a|||||r|||| 00| 0
007 ta
008 220922b |||||||| |||| 00| 0 pan d
020 _c125
024 _a260,352
037 _b558, 14/12/2011, H.K. Prakashan
_cTextual
040 _aARTS
_cARTS
_bpan
041 _2pan
_apan
082 _aO153:g, N3
100 _aਪੰੁਨੀ, ਅਮਰੀਕ ਸਿੰਘ
_9156274
245 0 _aਸਾਹਿਤ ਸਿਧਾਂਤ ਅਤੇ ਸਮੀਖਿਆ
260 _aਨਵੀ੍ਵ ਦਿੱਲੀ
_b ਨਵਚਿੰਤਨ ਪ੍ਰਕਾFਨ
_c1993
300 _a135ਪੰ
_ccm.
650 _aਪੰਜਾਬੀ ਸਾਹਿਤ
942 _hO153:g, N3
_cTEXL
_2CC
999 _c376742
_d376742